00478nam a22001817a 4500003000400000005001700004008004100021020001500062040000900077100003200086245006400118250001100182260002800193300001100221490002200232650001600254650002600270OSt20130508101011.0130410s1999 sp ||||| |||| 00| 0 spa d a8437607566 cCDMR1 aGonzález Requena, Jesús13aEl discurso televisivob: espectáculo de la posmodernidad a4a ed. aMadridbCátedrac1999 a167 p.0 aSigno e imagenv904aTelevisió04aAnàlisi del discurs